| 000 | 01456nam0a22002651 4500 | ||
|---|---|---|---|
| 001 | rc\4485176 | ||
| 005 | 20250611183352.0 | ||
| 021 |
_aRU _bРг7205-58 |
||
| 035 | _a(NLR Aleph) 008335647 | ||
| 090 |
_a8844900 _c8844900 |
||
| 100 | _a20130416d1958 |||y0rusy50 ca | ||
| 101 | 0 | _arus | |
| 102 | _aRU | ||
| 105 | _ay z ||||| | ||
| 200 | 1 |
_aПрактика внедрения гидроциклонов в цветной металлургии _eДоклад на Респ. совещании по вопросу внедрения новой техники и обмену передовым производственным опытом в области обогащения полезных ископаемых Казахстана _fГос. науч.-техн. ком. Совета Министров Казах. ССР. Центр. ин-т науч.-техн. информации |
|
| 210 |
_aАлма-Ата _cБ. и. _d1958 |
||
| 215 |
_a20 с. _d29 |
||
| 300 | _aЛитогр. | ||
| 700 | 1 |
_aКурумчин _bХ.А. |
|
| 712 | 0 | 2 | _aКазахское республиканское совещание по вопросу внедрения новой техники и обмену передовым производственным опытом в области обогащения полезных ископаемых |
| 801 | 0 |
_aRU _bNLR _gpsbo |
|
| 801 | 1 |
_aRU _bELAR _2rusmarc |
|
| 852 |
_aNLR _j58-8/1788 |
||
| 942 | _cBOOK | ||
| 980 | _aNB | ||